00698nab a2200205 uc450000100070000000500170000700800410002403500110006503500210007604000130009704100080011010000390011824500620015765000590021965000380027865000190031665000190033565000260035477301120038057268820241003090325.0991202e19981201 spa  a572688 a(OCoLC)819821431 ccomduadb aspa10aSancho, Francisco Javier4auteaut10aFilosofia y vida: El itinerario filosofico de Edith Stein aStein, Edith, 1891-1942 - Crítica e interpretación 7aAntropología filosófica2lemb 7aDignidad2lemb 7aLibertad2lemb 7aFenomenología2lemb0 tAnuario Filosófico (Pamplona)gVolumen 31, Número 03, Diciembre 1998, p. 665-687w9115x0066-521504104